[Event "European Schools Girls U17 Championship 2024"]
[Site "Limerick IRL"]
[Date "2024.06.03"]
[Round "5.3"]
[White "Dumitrache, Elisa-Andreea"]
[Black "Buyuk, Ecrin Efsa"]
[Result "0-1"]
[BlackTitle "WCM"]
[WhiteElo "1692"]
[BlackElo "1891"]
[WhiteNationality "ROU"]
[BlackNationality "TUR"]
[WhiteFideId "1273264"]
[BlackFideId "44505175"]
[PlyCount "114"]
[FIDETournamentId "372859"]
[ICUTournamentId "2491"]
[ChessResultsKey "950022"]
[Venue "Main Building, University of Limerick"]
[EventDate "2024.05.31"]
[EventRounds "9"]
[BlackFullName "B&uuml;y&uuml;k, Ecrin Efsa"]

{ Event information: <a
href="https://www.irlchess.com/europeanschools2024g17_allfiles/pairings_europeanschools2024g17.html">Tournament
report</a>. }

1. e4 c6 2. d4 d5 3. Nc3 dxe4 4. Nxe4 Nf6 5. Ng3 e6 6. Nf3 Be7 7. Bd3 Nbd7
8. O-O b6 9. Qe2 O-O 10. c4 Bb7 11. Re1 Re8 12. Bf4 Nf8 13. Rad1 Ng6 14.
Qe3 Qc8 15. Ne5 c5 16. Nxg6 hxg6 17. dxc5 Bxc5 18. Qe2 Qc6 19. Be4 Nxe4 20.
Qxe4 Qc8 21. Qe2 Bb4 22. Bd2 Qc6 23. Qe4 Qc7 24. Qe2 Bf8 25. b3 Rad8 26.
Bc3 Qc6 27. f3 Bc5+ 28. Kf1 Bd6 29. Qb2 Bf8 30. Qe2 Rxd1 31. Rxd1 b5 32.
Bb2 bxc4 33. Qe4 Qc8 34. Qc2 Bc5 35. bxc4 Ba6 36. Ne2 Qc7 37. Qc3 f6 38. g3
Bb6 39. Rc1 Qc5 40. Qd4 Qh5 41. Qg4 Qxh2 42. Bd4 Bxd4 43. Qxd4 Qh5 44. g4
Qh1+ 45. Ng1 Rc8 46. Qd7 Qh6 47. Rc2 Qe3 48. Re2 Qc1+ 49. Kf2 Qxc4 50. Qxa7
Qc6 51. Rd2 Qc1 52. Qd7 Qf1+ 53. Kg3 Qxg1+ 54. Rg2 Qe1+ 55. Rf2 Rc2 56.
Qe8+ Kh7 57. Kf4 Qe5# 0-1

[Event "European Schools Girls U17 Championship 2024"]
[Site "Limerick IRL"]
[Date "2024.06.03"]
[Round "5.4"]
[White "Toculet, Erika-Andreea"]
[Black "Putar, Lara"]
[Result "0-1"]
[WhiteElo "1461"]
[BlackElo "1983"]
[BlackICU "1936"]
[BlackClub "St. Benildus"]
[WhiteNationality "ROU"]
[BlackNationality "IRL"]
[WhiteFideId "1257218"]
[BlackFideId "14546604"]
[PlyCount "74"]
[FIDETournamentId "372859"]
[ICUTournamentId "2491"]
[ChessResultsKey "950022"]
[Venue "Main Building, University of Limerick"]
[EventDate "2024.05.31"]
[EventRounds "9"]
[WhiteFullName "Tocule&#539;, Erika-Andreea"]

{ Event information: <a
href="https://www.irlchess.com/europeanschools2024g17_allfiles/pairings_europeanschools2024g17.html">Tournament
report</a>. }

1. e4 e6 2. d4 d5 3. e5 c5 4. c3 Nc6 5. Nf3 Qb6 6. Be2 cxd4 7. cxd4 Nh6 8.
Bxh6 Qxb2 9. Nbd2 gxh6 10. Qc1 Ba3 11. Qxb2 Bxb2 12. Rb1 Bxd4 13. Nxd4 Nxd4
14. Bd3 b6 15. O-O Bb7 16. Rbc1 Kd7 17. Rc3 Rac8 18. Rfc1 Rc6 19. Rxc6 Bxc6
20. Nb3 Bb5 21. Bxb5+ Nxb5 22. Kf1 Rc8 23. Ke2 Nc3+ 24. Kf3 Nxa2 25. Ra1
Rc3+ 26. Kg4 Rc2 27. Rf1 a5 28. Kh5 a4 29. Na1 Rc1 30. Rxc1 Nxc1 31. Kxh6
b5 32. Kxh7 b4 33. h4 b3 34. Nxb3 axb3 35. h5 b2 36. h6 b1=Q+ 37. Kg7 Qg6+
0-1

[Event "European Schools Girls U17 Championship 2024"]
[Site "Limerick IRL"]
[Date "2024.06.03"]
[Round "5.5"]
[White "Fileru, Maria"]
[Black "Krzysztynska, Maria"]
[Result "1-0"]
[WhiteElo "1837"]
[BlackElo "1481"]
[WhiteNationality "ROU"]
[BlackNationality "POL"]
[WhiteFideId "1259300"]
[BlackFideId "21858705"]
[PlyCount "55"]
[FIDETournamentId "372859"]
[ICUTournamentId "2491"]
[ChessResultsKey "950022"]
[Venue "Main Building, University of Limerick"]
[EventDate "2024.05.31"]
[EventRounds "9"]

{ Event information: <a
href="https://www.irlchess.com/europeanschools2024g17_allfiles/pairings_europeanschools2024g17.html">Tournament
report</a>. }

1. d4 d5 2. c4 e6 3. Nc3 a6 4. cxd5 exd5 5. g3 Be6 6. Bg2 c6 7. Nh3 f6 8.
O-O Bd6 9. Nf4 Bf7 10. f3 Ne7 11. e4 g5 12. Nd3 Nd7 13. Re1 Qc7 14. exd5
cxd5 15. f4 gxf4 16. Nxf4 O-O-O 17. Ncxd5 Nxd5 18. Nxd5 Bxd5 19. Bxd5 f5
20. Bg5 Kb8 21. Bxd8 Qxd8 22. Re6 Bc7 23. Bg2 Qf8 24. Qb3 Nc5 25. dxc5
Qxc5+ 26. Kh1 b6 27. Qd5 Qxd5 28. Bxd5 1-0

[Event "European Schools Girls U17 Championship 2024"]
[Site "Limerick IRL"]
[Date "2024.06.04"]
[Round "6.1"]
[White "Engel, Ecrin Tuana"]
[Black "Krzysztynska, Maria"]
[Result "0-1"]
[WhiteElo "1576"]
[BlackElo "1481"]
[WhiteNationality "TUR"]
[BlackNationality "POL"]
[WhiteFideId "44508115"]
[BlackFideId "21858705"]
[PlyCount "58"]
[FIDETournamentId "372859"]
[ICUTournamentId "2491"]
[ChessResultsKey "950022"]
[Venue "Main Building, University of Limerick"]
[EventDate "2024.05.31"]
[EventRounds "9"]

{ Event information: <a
href="https://www.irlchess.com/europeanschools2024g17_allfiles/pairings_europeanschools2024g17.html">Tournament
report</a>. }

1. e4 d5 2. exd5 Qxd5 3. Nc3 Qa5 4. d4 Nf6 5. Nf3 Bg4 6. Be2 Nbd7 7. O-O c6
8. h3 Bf5 9. Bf4 h6 10. Re1 g5 11. Bh2 g4 12. hxg4 Nxg4 13. Bg3 O-O-O 14.
Nh4 h5 15. d5 e6 16. dxc6 bxc6 17. Nxf5 exf5 18. Qd3 Nb8 19. Qc4 h4 20.
Bxb8 Kxb8 21. Bxg4 fxg4 22. Qxf7 g3 23. f3 Qc5+ 24. Kh1 h3 25. Ne4 hxg2+
26. Kxg2 Qxc2+ 27. Kxg3 Qh2+ 28. Kg4 Qh4+ 29. Kf5 Rd5+ 0-1

[Event "European Schools Girls U17 Championship 2024"]
[Site "Limerick IRL"]
[Date "2024.06.04"]
[Round "6.2"]
[White "Putar, Lara"]
[Black "Fileru, Maria"]
[Result "1/2-1/2"]
[WhiteElo "1983"]
[BlackElo "1837"]
[WhiteICU "1936"]
[WhiteClub "St. Benildus"]
[WhiteNationality "IRL"]
[BlackNationality "ROU"]
[WhiteFideId "14546604"]
[BlackFideId "1259300"]
[PlyCount "48"]
[FIDETournamentId "372859"]
[ICUTournamentId "2491"]
[ChessResultsKey "950022"]
[Venue "Main Building, University of Limerick"]
[EventDate "2024.05.31"]
[EventRounds "9"]

{ Event information: <a
href="https://www.irlchess.com/europeanschools2024g17_allfiles/pairings_europeanschools2024g17.html">Tournament
report</a>. }

1. d4 d5 2. c4 e6 3. Nf3 Nf6 4. g3 Be7 5. Bg2 O-O 6. O-O c6 7. b3 b6 8. Nc3
a5 9. Ne5 Nfd7 10. Nd3 Ba6 11. cxd5 cxd5 12. Bb2 Nc6 13. e3 Nb4 14. Nxb4
Bxb4 15. Ne2 Rc8 16. a3 Bd6 17. Qd2 b5 18. b4 Nb6 19. Bc3 axb4 20. axb4 Na4
21. Rfc1 Rc4 22. Bf1 Qc8 23. Rab1 Qc7 24. Ba1 Rc8 1/2-1/2

[Event "European Schools Girls U17 Championship 2024"]
[Site "Limerick IRL"]
[Date "2024.06.04"]
[Round "6.3"]
[White "Buyuk, Ecrin Efsa"]
[Black "Toculet, Erika-Andreea"]
[Result "1-0"]
[WhiteTitle "WCM"]
[WhiteElo "1891"]
[BlackElo "1461"]
[WhiteNationality "TUR"]
[BlackNationality "ROU"]
[WhiteFideId "44505175"]
[BlackFideId "1257218"]
[PlyCount "69"]
[FIDETournamentId "372859"]
[ICUTournamentId "2491"]
[ChessResultsKey "950022"]
[Venue "Main Building, University of Limerick"]
[EventDate "2024.05.31"]
[EventRounds "9"]
[WhiteFullName "B&uuml;y&uuml;k, Ecrin Efsa"]
[BlackFullName "Tocule&#539;, Erika-Andreea"]

{ Event information: <a
href="https://www.irlchess.com/europeanschools2024g17_allfiles/pairings_europeanschools2024g17.html">Tournament
report</a>. }

1. e4 Nc6 2. Nf3 e5 3. Bc4 Bc5 4. d3 h6 5. O-O Nf6 6. c3 d6 7. a4 a6 8. Re1
O-O 9. Na3 Bg4 10. h3 Bh5 11. Nc2 Re8 12. Be3 Bxe3 13. Nxe3 Ne7 14. g4 Bg6
15. Nf5 Bxf5 16. gxf5 c6 17. Ba2 Qc7 18. Kh1 d5 19. Qc2 Nh5 20. d4 exd4 21.
cxd4 Nf4 22. Rg1 dxe4 23. Ne5 Ned5 24. f6 g6 25. Bxd5 Nxd5 26. Rxg6+ fxg6
27. f7+ Kg7 28. fxe8=Q Rxe8 29. Qxe4 Qd6 30. Rg1 Re6 31. Qf5 Rf6 32. Rxg6+
Kf8 33. Qc8+ Ke7 34. Rg7+ Rf7 35. Rxf7# 1-0

[Event "European Schools Girls U17 Championship 2024"]
[Site "Limerick IRL"]
[Date "2024.06.04"]
[Round "6.4"]
[White "Mustu, Hatice Asli"]
[Black "Dumitrache, Elisa-Andreea"]
[Result "1-0"]
[WhiteElo "1925"]
[BlackElo "1692"]
[WhiteNationality "TUR"]
[BlackNationality "ROU"]
[WhiteFideId "34576843"]
[BlackFideId "1273264"]
[PlyCount "107"]
[FIDETournamentId "372859"]
[ICUTournamentId "2491"]
[ChessResultsKey "950022"]
[Venue "Main Building, University of Limerick"]
[EventDate "2024.05.31"]
[EventRounds "9"]
[WhiteFullName "Mu&scedil;tu, Hatice Asl&#305;"]

{ Event information: <a
href="https://www.irlchess.com/europeanschools2024g17_allfiles/pairings_europeanschools2024g17.html">Tournament
report</a>. }

1. d4 d5 2. c4 c6 3. Nf3 Nf6 4. e3 e6 5. b3 Nbd7 6. Bb2 Bd6 7. Nbd2 O-O 8.
Bd3 Re8 9. Ne5 dxc4 10. Nexc4 Qe7 11. Nxd6 Qxd6 12. O-O b5 13. Nf3 Bb7 14.
e4 Qe7 15. Qd2 h6 16. Rfe1 a6 17. b4 Nh7 18. Rac1 Nhf8 19. a3 Ng6 20. Qe3
e5 21. dxe5 Ngxe5 22. Nxe5 Nxe5 23. Be2 Nd7 24. Bf3 Ne5 25. Bxe5 Qxe5 26.
Rc5 Qe6 27. Rec1 a5 28. h3 axb4 29. axb4 Ra4 30. Qd4 Ra3 31. e5 Ra6 32. Bg4
Qe7 33. f4 Rd8 34. Qc3 Qe8 35. Bf3 Rc8 36. f5 Ra4 37. Bd1 Ra6 38. Bb3 Kh8
39. e6 fxe6 40. Re1 Rca8 41. Rxe6 Ra1+ 42. Kh2 Qb8+ 43. g3 Kh7 44. Re7
R8a2+ 45. Bxa2 Rxa2+ 46. Kg1 Ra1+ 47. Kf2 Ra2+ 48. Kf3 Qf8 49. Rxb7 Kh8 50.
Qe5 Ra3+ 51. Kg4 Ra8 52. Rxc6 Qxb4+ 53. Kh5 Qf8 54. Rxh6+ 1-0

[Event "European Schools Girls U17 Championship 2024"]
[Site "Limerick IRL"]
[Date "2024.06.05"]
[Round "7.1"]
[White "Souralova, Jana"]
[Black "Engel, Ecrin Tuana"]
[Result "0-1"]
[WhiteElo "1557"]
[BlackElo "1576"]
[WhiteNationality "CZE"]
[BlackNationality "TUR"]
[WhiteFideId "23710586"]
[BlackFideId "44508115"]
[PlyCount "54"]
[FIDETournamentId "372859"]
[ICUTournamentId "2491"]
[ChessResultsKey "950022"]
[Venue "Main Building, University of Limerick"]
[EventDate "2024.05.31"]
[EventRounds "9"]
[WhiteFullName "Souralov&aacute;, Jana"]

{ Event information: <a
href="https://www.irlchess.com/europeanschools2024g17_allfiles/pairings_europeanschools2024g17.html">Tournament
report</a>. }

1. e4 c5 2. Nf3 e6 3. d4 cxd4 4. Nxd4 a6 5. Nc3 b5 6. a3 Bb7 7. Bd3 Qc7 8.
O-O Nf6 9. Re1 Nc6 10. Be3 Bd6 11. h3 Bh2+ 12. Kh1 Bf4 13. Qd2 Bxe3 14.
Qxe3 Ne5 15. Rad1 Rc8 16. Qg5 O-O 17. f4 Nxd3 18. Rxd3 h6 19. Qh4 Qb6 20.
g4 Nxe4 21. Kh2 Nxc3 22. bxc3 Qa5 23. g5 h5 24. Qxh5 Rxc3 25. g6 fxg6 26.
Qxg6 Rxd3 27. Nxe6 Qd2+ 0-1

[Event "European Schools Girls U17 Championship 2024"]
[Site "Limerick IRL"]
[Date "2024.06.05"]
[Round "7.3"]
[White "Toculet, Erika-Andreea"]
[Black "Mustu, Hatice Asli"]
[Result "0-1"]
[WhiteElo "1461"]
[BlackElo "1925"]
[WhiteNationality "ROU"]
[BlackNationality "TUR"]
[WhiteFideId "1257218"]
[BlackFideId "34576843"]
[PlyCount "102"]
[FIDETournamentId "372859"]
[ICUTournamentId "2491"]
[ChessResultsKey "950022"]
[Venue "Main Building, University of Limerick"]
[EventDate "2024.05.31"]
[EventRounds "9"]
[WhiteFullName "Tocule&#539;, Erika-Andreea"]
[BlackFullName "Mu&scedil;tu, Hatice Asl&#305;"]

{ Event information: <a
href="https://www.irlchess.com/europeanschools2024g17_allfiles/pairings_europeanschools2024g17.html">Tournament
report</a>. }

1. e4 c5 2. Nc3 Nc6 3. Nf3 g6 4. d4 cxd4 5. Nxd4 Bg7 6. Be3 Nf6 7. Be2 O-O
8. O-O d6 9. f3 Qb6 10. Na4 Qa5 11. Nxc6 bxc6 12. Nc3 Rb8 13. Rb1 Be6 14.
a3 Rb7 15. Bd2 Rfb8 16. Qc1 Nd7 17. Kh1 Qd8 18. b3 Nb6 19. f4 f5 20. Bd3
Qd7 21. Qe1 d5 22. e5 d4 23. Ne2 c5 24. Qf2 Rd8 25. Ba6 Rbb8 26. Ba5 Rf8
27. Rfd1 Nd5 28. Bc4 Ne3 29. Bxe6+ Qxe6 30. Rd2 Nc4 31. Rd3 Nxa5 32. Rh3
Rfd8 33. Rd1 Nc6 34. Qf3 Qd5 35. Qg3 Qe4 36. Rd2 c4 37. Qh4 h6 38. Ng1 g5
39. Qh5 Qxf4 40. Re2 Nxe5 41. Nf3 Nxf3 42. gxf3 Qd6 43. b4 Rb6 44. Rg3 d3
45. cxd3 cxd3 46. Rd2 Rc6 47. Rg1 Rc2 48. Rdd1 Qf4 49. Qh3 Rf2 50. Rg3 d2
51. Kg1 Re2 0-1

[Event "European Schools Girls U17 Championship 2024"]
[Site "Limerick IRL"]
[Date "2024.06.05"]
[Round "7.4"]
[White "Fileru, Maria"]
[Black "Buyuk, Ecrin Efsa"]
[Result "0-1"]
[BlackTitle "WCM"]
[WhiteElo "1837"]
[BlackElo "1891"]
[WhiteNationality "ROU"]
[BlackNationality "TUR"]
[WhiteFideId "1259300"]
[BlackFideId "44505175"]
[PlyCount "116"]
[FIDETournamentId "372859"]
[ICUTournamentId "2491"]
[ChessResultsKey "950022"]
[Venue "Main Building, University of Limerick"]
[EventDate "2024.05.31"]
[EventRounds "9"]
[BlackFullName "B&uuml;y&uuml;k, Ecrin Efsa"]

{ Event information: <a
href="https://www.irlchess.com/europeanschools2024g17_allfiles/pairings_europeanschools2024g17.html">Tournament
report</a>. }

1. d4 d5 2. c4 c6 3. cxd5 cxd5 4. Nc3 Nf6 5. Bf4 Nc6 6. e3 e6 7. Bd3 a6 8.
Rc1 h6 9. Nf3 Bd6 10. Bxd6 Qxd6 11. O-O O-O 12. Na4 e5 13. dxe5 Nxe5 14.
Nxe5 Qxe5 15. Qf3 Be6 16. b4 a5 17. b5 Rac8 18. Nc5 Bg4 19. Qg3 Qe7 20. Nb3
Qa3 21. h3 Bd7 22. Rcd1 Rc3 23. Be2 Qxa2 24. Nd4 Qa3 25. Ra1 Qb4 26. Rfb1
Qc5 27. Nb3 Qe7 28. Nxa5 Ne4 29. Qf4 g5 30. Qh2 Nxf2 31. Kxf2 Qxe3+ 32. Kf1
Rc2 33. g4 Re8 34. Re1 Bxb5 35. Bxb5 Qf3+ 36. Kg1 Rxe1+ 37. Rxe1 Rxh2 38.
Re8+ Kg7 39. Kxh2 Qf4+ 40. Kh1 Qc1+ 41. Kg2 Qd2+ 42. Re2 Qxa5 43. Bd3 b5
44. Kf3 Qa3 45. Ke3 Qc5+ 46. Kf3 b4 47. Rc2 Qd4 48. Ke2 b3 49. Rc1 Qb2+ 50.
Kd1 Qg2 51. Rc3 b2 52. Rb3 Qxh3 53. Kc2 Qxg4 54. Rxb2 h5 55. Kc3 h4 56. Rf2
h3 57. Kd2 h2 58. Rf1 Qf4+ 0-1

[Event "European Schools Girls U17 Championship 2024"]
[Site "Limerick IRL"]
[Date "2024.06.05"]
[Round "7.5"]
[White "Krzysztynska, Maria"]
[Black "Putar, Lara"]
[Result "0-1"]
[WhiteElo "1481"]
[BlackElo "1983"]
[BlackICU "1936"]
[BlackClub "St. Benildus"]
[WhiteNationality "POL"]
[BlackNationality "IRL"]
[WhiteFideId "21858705"]
[BlackFideId "14546604"]
[PlyCount "82"]
[FIDETournamentId "372859"]
[ICUTournamentId "2491"]
[ChessResultsKey "950022"]
[Venue "Main Building, University of Limerick"]
[EventDate "2024.05.31"]
[EventRounds "9"]

{ Event information: <a
href="https://www.irlchess.com/europeanschools2024g17_allfiles/pairings_europeanschools2024g17.html">Tournament
report</a>. }

1. c4 c5 2. Nc3 Nc6 3. Nf3 Nf6 4. d3 d5 5. cxd5 Nxd5 6. e4 Nc7 7. Bf4 Ne6
8. Qd2 Ned4 9. Nxd4 cxd4 10. Nd5 e5 11. Bg3 Be6 12. a3 Bxd5 13. exd5 Qxd5
14. f3 Na5 15. Qg5 f6 16. Qf5 Nb3 17. Rd1 Be7 18. Be2 g6 19. Qh3 O-O 20.
O-O f5 21. Rfe1 Rac8 22. f4 e4 23. dxe4 fxe4 24. Bd3 Nc5 25. Bb1 d3 26. b4
Ne6 27. Rd2 Qf5 28. Ba2 Rc6 29. b5 Rd6 30. Bf2 Kg7 31. Bxe6 Qxe6 32. Bd4+
Bf6 33. Bc5 Qxh3 34. gxh3 Bd4+ 35. Bxd4+ Rxd4 36. Kf2 Ra4 37. Kg3 Rc8 38.
Kg4 Kf6 39. Rb2 Rc2 40. Rb4 Rxb4 41. axb4 d2 0-1

[Event "European Schools Girls U17 Championship 2024"]
[Site "Limerick IRL"]
[Date "2024.06.06"]
[Round "8.1"]
[White "Engel, Ecrin Tuana"]
[Black "Putar, Lara"]
[Result "0-1"]
[WhiteElo "1576"]
[BlackElo "1983"]
[BlackICU "1936"]
[BlackClub "St. Benildus"]
[WhiteNationality "TUR"]
[BlackNationality "IRL"]
[WhiteFideId "44508115"]
[BlackFideId "14546604"]
[PlyCount "50"]
[FIDETournamentId "372859"]
[ICUTournamentId "2491"]
[ChessResultsKey "950022"]
[Venue "Main Building, University of Limerick"]
[EventDate "2024.05.31"]
[EventRounds "9"]

{ Event information: <a
href="https://www.irlchess.com/europeanschools2024g17_allfiles/pairings_europeanschools2024g17.html">Tournament
report</a>. }

1. e4 e6 2. d4 d5 3. exd5 exd5 4. Nc3 c6 5. Bf4 Nf6 6. Nf3 Bb4 7. Bd3 O-O
8. O-O Bg4 9. h3 Bh5 10. g4 Bg6 11. Ne5 Ne4 12. Nxe4 dxe4 13. Nxg6 fxg6 14.
Bc4+ Kh8 15. Bg3 Bd6 16. c3 b5 17. Be2 Na6 18. a4 Nc7 19. axb5 cxb5 20. Qb3
e3 21. Kg2 exf2 22. Bxf2 Qg5 23. Bg1 Nd5 24. Bf3 Qf4 25. Kh1 Qg3 0-1

[Event "European Schools Girls U17 Championship 2024"]
[Site "Limerick IRL"]
[Date "2024.06.06"]
[Round "8.2"]
[White "Buyuk, Ecrin Efsa"]
[Black "Krzysztynska, Maria"]
[Result "1-0"]
[WhiteTitle "WCM"]
[WhiteElo "1891"]
[BlackElo "1481"]
[WhiteNationality "TUR"]
[BlackNationality "POL"]
[WhiteFideId "44505175"]
[BlackFideId "21858705"]
[PlyCount "57"]
[FIDETournamentId "372859"]
[ICUTournamentId "2491"]
[ChessResultsKey "950022"]
[Venue "Main Building, University of Limerick"]
[EventDate "2024.05.31"]
[EventRounds "9"]
[WhiteFullName "B&uuml;y&uuml;k, Ecrin Efsa"]

{ Event information: <a
href="https://www.irlchess.com/europeanschools2024g17_allfiles/pairings_europeanschools2024g17.html">Tournament
report</a>. }

1. e4 e5 2. Nf3 Nc6 3. Bc4 Bc5 4. d3 Nf6 5. Nc3 d6 6. Na4 Bb6 7. a3 Bg4 8.
h3 Bh5 9. c3 h6 10. Nxb6 axb6 11. g4 Bg6 12. Nh4 Ne7 13. g5 Bh5 14. Qb3 d5
15. gxf6 dxc4 16. fxg7 Rg8 17. Qxc4 Rxg7 18. d4 Qd7 19. Bxh6 Rg8 20. Be3
Ra4 21. Qd3 exd4 22. b3 Ra5 23. Qxd4 Qb5 24. f3 Qxb3 25. Rd1 Ra8 26. Qd7+
Kf8 27. Bh6+ Rg7 28. Qd8+ Rxd8 29. Rxd8# 1-0

[Event "European Schools Girls U17 Championship 2024"]
[Site "Limerick IRL"]
[Date "2024.06.06"]
[Round "8.3"]
[White "Mustu, Hatice Asli"]
[Black "Fileru, Maria"]
[Result "1-0"]
[WhiteElo "1925"]
[BlackElo "1837"]
[WhiteNationality "TUR"]
[BlackNationality "ROU"]
[WhiteFideId "34576843"]
[BlackFideId "1259300"]
[PlyCount "81"]
[FIDETournamentId "372859"]
[ICUTournamentId "2491"]
[ChessResultsKey "950022"]
[Venue "Main Building, University of Limerick"]
[EventDate "2024.05.31"]
[EventRounds "9"]
[WhiteFullName "Mu&scedil;tu, Hatice Asl&#305;"]

{ Event information: <a
href="https://www.irlchess.com/europeanschools2024g17_allfiles/pairings_europeanschools2024g17.html">Tournament
report</a>. }

1. d4 d5 2. c4 e6 3. Nf3 Nf6 4. g3 Be7 5. Bg2 O-O 6. O-O c6 7. Qc2 b6 8.
Nbd2 Bb7 9. e4 Na6 10. a3 dxc4 11. Nxc4 c5 12. e5 Nd5 13. dxc5 Nxc5 14. b4
Nd7 15. Bb2 Rc8 16. Qe2 a5 17. b5 a4 18. Nfd2 Nc5 19. Rab1 Qc7 20. Rfc1 Ba8
21. Rc2 Rfd8 22. Ba1 Qb7 23. Bf3 Qb8 24. Bd4 Nf4 25. gxf4 Rxd4 26. Bxa8
Qxa8 27. Nxb6 Qb8 28. Nxc8 Qxc8 29. Rbc1 Qd7 30. Rxc5 Rxd2 31. Rc8+ Bd8 32.
Qxd2 Qxd2 33. b6 h6 34. b7 Kh7 35. b8=Q Bh4 36. Qb6 Qxf4 37. Qe3 Qg4+ 38.
Kf1 Bg5 39. Qd3+ g6 40. R1c3 Qf4 41. Qf3 1-0

[Event "European Schools Girls U17 Championship 2024"]
[Site "Limerick IRL"]
[Date "2024.06.06"]
[Round "8.5"]
[White "Souralova, Jana"]
[Black "Dumitrache, Elisa-Andreea"]
[Result "1/2-1/2"]
[WhiteElo "1557"]
[BlackElo "1692"]
[WhiteNationality "CZE"]
[BlackNationality "ROU"]
[WhiteFideId "23710586"]
[BlackFideId "1273264"]
[PlyCount "150"]
[FIDETournamentId "372859"]
[ICUTournamentId "2491"]
[ChessResultsKey "950022"]
[Venue "Main Building, University of Limerick"]
[EventDate "2024.05.31"]
[EventRounds "9"]
[WhiteFullName "Souralov&aacute;, Jana"]

{ Event information: <a
href="https://www.irlchess.com/europeanschools2024g17_allfiles/pairings_europeanschools2024g17.html">Tournament
report</a>. }

1. e4 c6 2. d4 d5 3. exd5 cxd5 4. Bd3 Nf6 5. h3 Nc6 6. c3 e6 7. Nf3 Bd6 8.
O-O O-O 9. Re1 a6 10. Nbd2 Qc7 11. Qe2 h6 12. Ne5 b5 13. Ndf3 Bb7 14. Bf4
Rfe8 15. Qd2 Nd7 16. Bh2 f6 17. Nxc6 Bxc6 18. Bxd6 Qxd6 19. Re3 e5 20. dxe5
fxe5 21. Rae1 Qf6 22. Bc2 Bb7 23. Bb3 Qd6 24. Qe2 e4 25. Rxe4 Rxe4 26. Qxe4
Nc5 27. Qe7 Qxe7 28. Rxe7 Nxb3 29. Rxb7 Nc5 30. Re7 Na4 31. Re2 Kf8 32. Ne1
Nc5 33. Rd2 Re8 34. Kf1 Na4 35. Nd3 Kf7 36. Re2 Rxe2 37. Kxe2 Ke6 38. Ke3
a5 39. Kd4 Kd6 40. b3 Nb6 41. Nc5 Kc6 42. Ne6 g6 43. Nd8+ Kd7 44. Nf7 Ke6
45. Nxh6 a4 46. Ng4 axb3 47. axb3 Nc8 48. Kc5 Nd6 49. Kd4 Nf5+ 50. Kc5 Nd6
51. Kb4 Ne4 52. c4 bxc4 53. bxc4 d4 54. Kb3 Nd2+ 55. Kc2 Nxc4 56. Kd3 Kd5
57. Nf6+ Kc5 58. Ne4+ Kd5 59. Nd2 Ne5+ 60. Ke2 Nc6 61. g4 Ne5 62. f4 Nf7
63. Kd3 Nd6 64. Nf3 Ne4 65. Nxd4 Nf2+ 66. Ke3 Nxh3 67. Nf3 Ke6 68. Ng5+
Nxg5 69. fxg5 Ke5 70. Kf3 Kd5 71. Kf4 Kd4 72. Kf3 Ke5 73. Ke3 Kd5 74. Kd3
Ke5 75. Ke3 Kd5 1/2-1/2